Central bankers in the contemporary global field of power: a social space approach /
Guardado en:
| Hovedforfatter: | |
|---|---|
| Format: | Texto |
| Tags: |
Tilføj Tag
Ingen Tags, Vær først til at tagge denne postø!
|
MARC
| LEADER | 00000 a a2200000 04500 | ||
|---|---|---|---|
| 001 | 41998 | ||
| 003 | |||
| 040 | |||
| 100 | |a Lebaron, Frédéric | ||
| 245 | |a Central bankers in the contemporary global field of power: |b a social space approach / |c Frédéric Lebaron | ||
| 773 | |g páginas 121-144 : tablas | ||
| 999 | |c 31034 |d 31034 | ||
